000 00486nam a22001817a 4500
003 NUST - PNEC
005 20170116180903.0
008 150902b xxu||||| |||| 00| 0 eng d
020 _a007056924X
020 _a0070568928
040 _cLIBRARY
082 _a621.815 SHI
100 _96494
_aShigley, Joseph E.
245 _aDistortion and stress : a mechanical designers' workbook
_cJoseph E. Shigley
260 _cc.1990
650 _96495
_aMachine design
_xME
942 _2ddc
_cBK
999 _c65022
_d65022